[Event "56th ch-CUB 2019"]
[Site "Santa Clara CUB"]
[Date "2019.02.03"]
[Round "1.1"]
[White "Fernandez Cardoso, Alexey"]
[Black "Albornoz Cabrera, Carlos Daniel"]
[Result "0-1"]
[WhiteTitle "IM"]
[BlackTitle "IM"]
[WhiteElo "2437"]
[BlackElo "2577"]
[WhiteFideId "3504379"]
[BlackFideId "3518736"]
[EventDate "2019.02.03"]
[EventType "tourn"]

1. e4 c5 2. Nf3 d6 3. d4 cxd4 4. Nxd4 Nf6 5. Nc3 a6 6. f4 g6 7. Nf3 Nc6 8. e5
Nh5 9. Be3 Bg7 10. Nd5 O-O 11. exd6 Qxd6 12. c3 Bg4 13. Nb6 Qe6 14. Qe2 Rad8 15.
Ng5 Qf5 16. Qf2 Qa5 17. Rc1 e5 18. f5 Bxf5 19. Bc5 Bf6 20. h4 Be7 21. Bxe7 Nxe7
22. Bc4 Nc8 23. Nxc8 Rxc8 24. Bb3 Nf4 25. Rd1 Qb5 26. h5 Rcd8 27. Bxf7+ Kg7 28.
h6+ Kf6 29. Rh3 Rxd1+ 30. Kxd1 Rd8+ 31. Ke1 Nxh3 32. gxh3 Kxg5 0-1

[Event "56th ch-CUB 2019"]
[Site "Santa Clara CUB"]
[Date "2019.02.03"]
[Round "1.2"]
[White "Gonzalez Vidal, Yuri"]
[Black "Almeida Quintana, Omar"]
[Result "1/2-1/2"]
[WhiteTitle "GM"]
[BlackTitle "GM"]
[WhiteElo "2565"]
[BlackElo "2550"]
[WhiteFideId "3503321"]
[BlackFideId "3503313"]
[EventDate "2019.02.03"]
[EventType "tourn"]

1. d4 d6 2. Nf3 g6 3. c4 Bg7 4. Nc3 Nf6 5. e3 O-O 6. Be2 c5 7. d5 e6 8. O-O exd5
9. cxd5 a6 10. a4 Bg4 11. h3 Bxf3 12. Bxf3 Nbd7 13. Qc2 Re8 14. Rd1 Qc7 1/2-1/2

[Event "56th ch-CUB 2019"]
[Site "Santa Clara CUB"]
[Date "2019.02.03"]
[Round "1.3"]
[White "Garcia Pantoja, Roberto"]
[Black "Quesada Perez, Yasser"]
[Result "1/2-1/2"]
[WhiteTitle "IM"]
[BlackTitle "GM"]
[WhiteElo "2514"]
[BlackElo "2538"]
[WhiteFideId "3509265"]
[BlackFideId "3509362"]
[EventDate "2019.02.03"]
[EventType "tourn"]

1. e4 e5 2. Nf3 Nc6 3. Bb5 a6 4. Ba4 Nf6 5. O-O b5 6. Bb3 Bb7 7. Nc3 Be7 8. d3
O-O 9. a3 Nd4 10. Ba2 Nxf3+ 11. Qxf3 c6 12. Qg3 d6 13. Bh6 Ne8 14. Bd2 Bh4 15.
Qg4 Bc8 16. Qe2 Bg5 17. f4 exf4 18. Bxf4 Qb6+ 19. Kh1 Bxf4 20. Rxf4 Nc7 21. Raf1
Be6 22. Qh5 Qc5 23. Qf3 Ra7 24. Bxe6 Nxe6 25. Rf5 Qb6 26. Ne2 b4 27. a4 Rb7 28.
Qg3 Rd8 29. Nf4 Nxf4 30. Qxf4 Qc7 31. Rf3 Re8 32. Rg3 Re6 33. Qf2 c5 34. b3 Qe7
35. Rgf3 Re5 36. Qg3 Qe8 37. Rxe5 Qxe5 38. Qxe5 1/2-1/2

[Event "56th ch-CUB 2019"]
[Site "Santa Clara CUB"]
[Date "2019.02.03"]
[Round "1.4"]
[White "Martinez Duany, Lelys Stanley"]
[Black "Espinosa Veloz, Ermes"]
[Result "1-0"]
[WhiteTitle "GM"]
[BlackTitle "GM"]
[WhiteElo "2547"]
[BlackElo "2516"]
[WhiteFideId "3504727"]
[BlackFideId "3507424"]
[EventDate "2019.02.03"]
[EventType "tourn"]

1. Nf3 Nf6 2. c4 g6 3. d4 Bg7 4. Nc3 d5 5. cxd5 Nxd5 6. e4 Nxc3 7. bxc3 c5 8.
Be3 Qa5 9. Nd2 O-O 10. Rc1 cxd4 11. Nc4 Qd8 12. cxd4 b5 13. Nd2 Bb7 14. d5 a6
15. Qb3 f5 16. Rc7 Bc8 17. Bg5 Bf6 18. Bxf6 Rxf6 19. e5 Rf7 20. d6 Kf8 21. Qd5 1-0

[Event "56th ch-CUB 2019"]
[Site "Santa Clara CUB"]
[Date "2019.02.03"]
[Round "1.5"]
[White "Hernandez Gonzalez, William"]
[Black "Ortiz Suarez, Isan Reynaldo"]
[Result "1/2-1/2"]
[WhiteTitle "IM"]
[BlackTitle "GM"]
[WhiteElo "2445"]
[BlackElo "2519"]
[WhiteFideId "3509915"]
[BlackFideId "3507165"]
[EventDate "2019.02.03"]
[EventType "tourn"]

1. e4 c5 2. Nf3 d6 3. Bb5+ Nd7 4. d4 cxd4 5. Qxd4 a6 6. Bxd7+ Bxd7 7. Nc3 Rc8 8.
Bg5 h6 9. Bh4 e5 10. Qd3 g5 11. Bg3 Nf6 12. Nd2 b5 13. a3 Be7 14. O-O-O Be6 15.
h4 Rg8 16. hxg5 hxg5 17. Nd5 Bxd5 18. exd5 Rc5 19. Ne4 Nxe4 20. Qxe4 Qd7 21. Qh7
Rf8 22. f3 Bf6 23. Bf2 Rc4 24. Be3 Rh4 25. Rxh4 gxh4 26. Kb1 Rh8 27. Qd3 h3 28.
Rh1 hxg2 29. Rxh8+ Bxh8 30. Qh7 Bf6 31. Qg8+ Ke7 32. Qxg2 Qf5 33. Bd2 Bh4 34.
Qe2 Kf8 35. Qe3 Be7 36. Bb4 Kg7 37. Bd2 Qh3 38. Ka2 Kg6 39. Qg1+ Kh7 40. Qe3 Kg6
41. Qg1+ 1/2-1/2

[Event "56th ch-CUB 2019"]
[Site "Santa Clara CUB"]
[Date "2019.02.03"]
[Round "1.6"]
[White "Quesada Perez, Luis Ernesto"]
[Black "Martinez Ramirez, Lennis"]
[Result "1-0"]
[WhiteTitle "GM"]
[BlackTitle "IM"]
[WhiteElo "2513"]
[BlackElo "2452"]
[WhiteFideId "3520773"]
[BlackFideId "3509079"]
[EventDate "2019.02.03"]
[EventType "tourn"]

1. c4 e5 2. Nc3 Nf6 3. g3 Nc6 4. Bg2 Bc5 5. e3 d5 6. cxd5 Nb4 7. d4 exd4 8. exd4
Be7 9. Nge2 Nbxd5 10. O-O O-O 11. Qb3 c6 12. Nxd5 Nxd5 13. Nc3 Nb4 14. d5 Bf5
15. dxc6 bxc6 16. Rd1 Qa5 17. Ne4 Rad8 18. Bd2 Qb6 19. Be3 c5 20. Rxd8 Rxd8 21.
Rd1 a5 22. a3 Be6 23. Qa4 Nd3 24. b4 axb4 25. axb4 Qxb4 26. Qa7 c4 27. Ra1 c3
28. Ra4 Qb1+ 29. Bf1 Bb4 30. Qb6 Rc8 31. Nxc3 Qe1 32. Qb5 Bc4 33. Qf5 Rf8 34.
Qe4 Ne5 35. Qb1 Nf3+ 36. Kh1 Qxb1 37. Nxb1 Bxf1 38. Rxb4 Bh3 39. Nd2 Ra8 40.
Nxf3 Ra1+ 41. Ng1 h6 42. Rc4 Be6 43. Rc1 Bd5+ 44. f3 Ra2 45. Rd1 Ba8 46. Rd2 Ra3
47. Kg2 g5 48. Kf2 f5 49. Ne2 Kf7 50. Rb2 Rd3 51. Rb6 Kg7 52. Nd4 f4 53. gxf4
gxf4 54. Ne6+ Kh7 55. Nxf4 Ra3 56. Nh5 Ra2+ 57. Kg3 Ra3 58. Rxh6+ Kg8 59. Re6
Kf7 60. Re5 Bc6 61. Re7+ Kg6 62. Re6+ Kf7 63. Rf6+ Kg8 64. Rxc6 Rxe3 65. Rc7 Re1
66. h4 Kh8 67. Kg4 Re5 68. f4 Re6 69. f5 Re4+ 70. Kg5 Ra4 71. Nf4 Ra6 72. Ng6+
Kg8 73. Kh6 Ra7 74. Rc8+ 1-0

[Event "56th ch-CUB 2019"]
[Site "Santa Clara CUB"]
[Date "2019.02.04"]
[Round "2.1"]
[White "Albornoz Cabrera, Carlos Daniel"]
[Black "Martinez Ramirez, Lennis"]
[Result "1-0"]
[WhiteTitle "IM"]
[BlackTitle "IM"]
[WhiteElo "2577"]
[BlackElo "2452"]
[WhiteFideId "3518736"]
[BlackFideId "3509079"]
[EventDate "2019.02.03"]
[EventType "tourn"]

1. e4 e5 2. Nf3 Nc6 3. Bb5 Nf6 4. d3 Ne7 5. Bc4 c6 6. O-O Ng6 7. Re1 Be7 8. d4
d6 9. h3 O-O 10. Nc3 h6 11. Bb3 b5 12. a4 b4 13. Na2 a5 14. c3 c5 15. Bc4 cxd4
16. cxd4 Bb7 17. d5 Rc8 18. Bb5 Nd7 19. Nd2 f5 20. exf5 Nf4 21. Nc4 Nf6 22. Bxf4
exf4 23. Nxa5 Qxa5 24. Rxe7 Bxd5 25. Qd2 Rc5 26. Qxb4 Qa8 27. Bf1 f3 28. g3 Rb8
29. Qd4 Bxa2 30. Rxa2 Rc1 31. Qd2 Rbc8 32. Re1 R1c2 33. Qd4 d5 34. Ra3 Ne4 35.
Rxf3 Rd2 36. Rd3 Rxf2 37. Qxd5+ Qxd5 38. Rxd5 Rf3 39. Rd3 Ng5 40. Be2 Rxd3 41.
Bxd3 Nf3+ 42. Kf2 Nxe1 43. Kxe1 Rb8 44. Bc4+ Kf8 45. b3 Ke7 46. a5 Kf6 47. a6
Kxf5 48. Bd5 Re8+ 49. Kf2 Re7 50. Bb7 Kf6 51. a7 Rxb7 52. a8=Q Rxb3 53. Qc6+ Ke5
54. Qc7+ Ke4 55. Qc4+ 1-0

[Event "56th ch-CUB 2019"]
[Site "Santa Clara CUB"]
[Date "2019.02.04"]
[Round "2.2"]
[White "Ortiz Suarez, Isan Reynaldo"]
[Black "Quesada Perez, Luis Ernesto"]
[Result "0-1"]
[WhiteTitle "GM"]
[BlackTitle "GM"]
[WhiteElo "2519"]
[BlackElo "2513"]
[WhiteFideId "3507165"]
[BlackFideId "3520773"]
[EventDate "2019.02.03"]
[EventType "tourn"]

1. e4 e6 2. d4 d5 3. Nc3 Bb4 4. e5 b6 5. Qg4 Bf8 6. Nf3 Ba6 7. Bxa6 Nxa6 8. O-O
Qd7 9. a3 Ne7 10. Ne2 Nb8 11. Ng3 Nbc6 12. Bd2 h6 13. Nh5 Nf5 14. Bb4 O-O-O 15.
c3 Kb7 16. Qf4 Qe8 17. g4 Nfe7 18. Ne1 a5 19. Bxe7 Qxe7 20. Nd3 g6 21. Nf6 a4
22. Rae1 Bg7 23. Re3 Bxf6 24. exf6 Qd6 25. Qf3 g5 26. Qd1 h5 27. gxh5 g4 28. Ne5
Rxh5 29. Nxg4 Rg8 30. Rg3 Qf4 31. f3 Na5 32. Qxa4 Nc4 33. Qc2 Ne3 34. Qd2 Rxh2
35. Qxh2 Nxf1 36. Kxf1 Rxg4 37. Kg2 Qd2+ 38. Kh1 Qd1+ 39. Kg2 Qe2+ 40. Kg1 Qe3+
41. Kh1 Rf4 42. Qh6 Qe1+ 43. Kg2 Rf5 44. Qh2 Rxf6 45. Qg1 Qd2+ 46. Qf2 Qd3 47.
Qe1 Rh6 48. Rh3 Qc2+ 49. Kg3 Rg6+ 0-1

[Event "56th ch-CUB 2019"]
[Site "Santa Clara CUB"]
[Date "2019.02.04"]
[Round "2.3"]
[White "Espinosa Veloz, Ermes"]
[Black "Hernandez Gonzalez, William"]
[Result "1/2-1/2"]
[WhiteTitle "GM"]
[BlackTitle "IM"]
[WhiteElo "2516"]
[BlackElo "2445"]
[WhiteFideId "3507424"]
[BlackFideId "3509915"]
[EventDate "2019.02.03"]
[EventType "tourn"]

1. e4 e5 2. Nf3 Nf6 3. Nxe5 d6 4. Nc4 Nxe4 5. Qe2 Qe7 6. Ne3 Nf6 7. b3 g6 8. Bb2
Bg7 9. Nd5 Nxd5 10. Bxg7 Rg8 11. Bb2 Bf5 12. Na3 Nc6 13. Qxe7+ Kxe7 14. d3 Kd7
15. Kd2 Rge8 16. Nc4 Be6 17. a4 a6 18. h3 f5 19. a5 Re7 20. g3 f4 21. g4 Rf8 22.
Rg1 Ree8 23. Re1 Nde7 24. h4 Rf7 25. Kc1 h6 26. Bc3 d5 27. Ne5+ Nxe5 28. Rxe5
Nc6 29. Re1 d4 30. Bd2 Bd5 31. Rxe8 Kxe8 32. g5 h5 33. Bh3 Ne5 34. Re1 Re7 35.
Kd1 Bf3+ 36. Kc1 c5 37. Kb1 Bg4 38. Bxf4 Bxh3 39. Bxe5 Kd7 40. b4 cxb4 41. Re4
Kc6 42. f4 Rd7 43. Rxd4 Rxd4 44. Bxd4 b3 45. cxb3 Kd5 46. Be3 Bf5 47. Kc2 Bd7
48. Kc3 Bc8 49. Bd4 Bd7 50. Be5 Bc8 51. Bg7 Bd7 52. Bf6 Bc8 53. Be5 Bd7 54. b4
Bc8 55. Bg7 Bf5 56. Bf6 Bg4 1/2-1/2

[Event "56th ch-CUB 2019"]
[Site "Santa Clara CUB"]
[Date "2019.02.04"]
[Round "2.4"]
[White "Quesada Perez, Yasser"]
[Black "Martinez Duany, Lelys Stanley"]
[Result "1-0"]
[WhiteTitle "GM"]
[BlackTitle "GM"]
[WhiteElo "2538"]
[BlackElo "2547"]
[WhiteFideId "3509362"]
[BlackFideId "3504727"]
[EventDate "2019.02.03"]
[EventType "tourn"]

1. e4 c5 2. Nc3 Nc6 3. Bb5 Nd4 4. Nf3 a6 5. Bd3 Nc6 6. O-O g6 7. e5 Bg7 8. Be4
f5 9. Bxc6 bxc6 10. d4 cxd4 11. Qxd4 Qc7 12. Bf4 c5 13. Qe3 Bb7 14. Rad1 h6 15.
Nd5 Bxd5 16. Rxd5 g5 17. Bxg5 hxg5 18. Qxg5 Bh6 19. Qg6+ Kd8 20. Rfd1 Ra7 21. h3
Kc8 22. Rxc5 Qxc5 23. Qe8+ Kc7 24. Rxd7+ Kb6 25. Qb8+ Ka5 26. b4+ Qxb4 27. Rd5+
Ka4 28. Rd4 Qxd4 29. Nxd4 1-0

[Event "56th ch-CUB 2019"]
[Site "Santa Clara CUB"]
[Date "2019.02.04"]
[Round "2.5"]
[White "Almeida Quintana, Omar"]
[Black "Garcia Pantoja, Roberto"]
[Result "0-1"]
[WhiteTitle "GM"]
[BlackTitle "IM"]
[WhiteElo "2550"]
[BlackElo "2514"]
[WhiteFideId "3503313"]
[BlackFideId "3509265"]
[EventDate "2019.02.03"]
[EventType "tourn"]

1. d4 Nf6 2. c4 g6 3. Nc3 Bg7 4. e4 d6 5. h3 O-O 6. Be3 e5 7. d5 Na6 8. g4 Nc5
9. f3 a5 10. h4 c6 11. Qd2 cxd5 12. cxd5 Bd7 13. h5 a4 14. Nge2 Qa5 15. Ng3 Rfc8
16. hxg6 fxg6 17. g5 Ne8 18. Rb1 Nc7 19. Bh3 Bxh3 20. Rxh3 Nb5 21. Nge2 Qb4 22.
a3 Qc4 23. Rd1 Nd4 24. Kf2 Rc7 25. Kg2 Rf8 26. Nc1 Rcf7 27. Rf1 b5 28. Qd1 b4
29. axb4 Qxb4 30. Rf2 a3 31. N3a2 Qc4 32. bxa3 Ra8 33. Bxd4 exd4 34. Rc2 Qb5 35.
Nb4 Rxa3 36. Nc6 d3 37. Rf2 Qc4 38. Qd2 Rc3 39. Rh1 Nxe4 40. Qe1 Nxf2 41. Qe8+
Bf8 42. Rxh7 Qxd5 43. Ne7+ Rxe7 44. Qxg6+ Rg7 45. Rxg7+ Bxg7 46. Qe8+ Bf8 47.
Qg6+ Kh8 48. Qh5+ Kg7 49. Qh6+ Kf7 50. Qf6+ Ke8 51. Qxc3 d2 52. Qc8+ Kf7 53.
Qd7+ Be7 54. g6+ Kf6 0-1

[Event "56th ch-CUB 2019"]
[Site "Santa Clara CUB"]
[Date "2019.02.04"]
[Round "2.6"]
[White "Fernandez Cardoso, Alexey"]
[Black "Gonzalez Vidal, Yuri"]
[Result "0-1"]
[WhiteTitle "IM"]
[BlackTitle "GM"]
[WhiteElo "2437"]
[BlackElo "2565"]
[WhiteFideId "3504379"]
[BlackFideId "3503321"]
[EventDate "2019.02.03"]
[EventType "tourn"]

1. e4 e5 2. Nf3 Nc6 3. Bb5 a6 4. Ba4 Nf6 5. O-O Be7 6. Re1 b5 7. Bb3 d6 8. c3
O-O 9. h3 Bb7 10. d4 Re8 11. Nbd2 Bf8 12. a4 h6 13. d5 Nb8 14. c4 bxc4 15. Nxc4
a5 16. g4 c6 17. dxc6 Nxc6 18. g5 hxg5 19. Nxg5 d5 20. exd5 Nd4 21. d6 Bd5 22.
Ba2 Bxd6 23. Be3 Bc7 24. Bxd4 exd4 25. Qxd4 Rxe1+ 26. Rxe1 Qd7 27. Bb3 Re8 28.
Rxe8+ Qxe8 29. Qe3 Qb8 30. Nf3 Bf4 31. Qc3 Qc8 32. Nd4 Ne4 33. Qf3 Qb8 34. Ne3
Bxb3 35. Qxe4 Bxe3 36. Qxe3 Bxa4 37. b3 Bd7 38. h4 Qd6 39. Kg2 Qd5+ 40. Kg3 Qh1
41. f3 Qh3+ 42. Kf2 Qxh4+ 43. Ke2 Qh2+ 44. Kd3 Qc7 45. Qg5 g6 46. Qf6 Be8 47.
Kd2 Qd7 48. Qe5 Qd8 49. Ke3 f6 50. Qc5 Bf7 51. Nc6 Qd1 52. Kf2 Bxb3 53. Nxa5
Qd2+ 54. Kf1 Be6 55. Kg1 Bh3 56. Qc4+ Kg7 57. Qc7+ Kh6 58. Qg3 Be6 59. Qc7 Bd5
60. Qd8 Qd4+ 0-1

[Event "56th ch-CUB 2019"]
[Site "Santa Clara CUB"]
[Date "2019.02.05"]
[Round "3.1"]
[White "Gonzalez Vidal, Yuri"]
[Black "Albornoz Cabrera, Carlos Daniel"]
[Result "1/2-1/2"]
[WhiteTitle "GM"]
[BlackTitle "IM"]
[WhiteElo "2565"]
[BlackElo "2577"]
[WhiteFideId "3503321"]
[BlackFideId "3518736"]
[EventDate "2019.02.03"]
[EventType "tourn"]

1. e4 c5 2. Nf3 d6 3. Bb5+ Nc6 4. O-O Bd7 5. Re1 Nf6 6. c3 a6 7. Bf1 Bg4 8. h3
Bxf3 9. Qxf3 e6 10. d3 Be7 11. Nd2 O-O 12. Qe2 b5 13. Nf3 b4 14. Qc2 Nd7 15. d4
bxc3 16. bxc3 cxd4 17. cxd4 Nb4 18. Qb3 d5 19. e5 Nc6 20. Be3 Nb6 21. Bd2 Rb8
22. Rec1 Nc4 23. Qa4 Nxd2 24. Nxd2 Qa5 25. Qxa5 Nxa5 26. Nf3 Rb6 27. Rab1 Rfb8
28. Rc8+ Rxc8 29. Rxb6 Rc2 30. a4 Ra2 31. Rxa6 Rxa4 32. Ra7 Bf8 33. Ng5 Ra3 34.
Nxf7 Nc6 35. Rc7 Nxd4 36. Nd8 Ra1 37. g3 1/2-1/2

[Event "56th ch-CUB 2019"]
[Site "Santa Clara CUB"]
[Date "2019.02.05"]
[Round "3.2"]
[White "Garcia Pantoja, Roberto"]
[Black "Fernandez Cardoso, Alexey"]
[Result "1-0"]
[WhiteTitle "IM"]
[BlackTitle "IM"]
[WhiteElo "2514"]
[BlackElo "2437"]
[WhiteFideId "3509265"]
[BlackFideId "3504379"]
[EventDate "2019.02.03"]
[EventType "tourn"]

1. e4 c5 2. Nf3 Nc6 3. Bb5 e6 4. O-O Nge7 5. Nc3 a6 6. Bxc6 Nxc6 7. d4 cxd4 8.
Nxd4 d6 9. Re1 Be7 10. Nxc6 bxc6 11. Qg4 Kf8 12. Qh5 Rb8 13. b3 g6 14. Bh6+ Kg8
15. Qf3 e5 16. Rad1 Be6 17. Qg3 g5 18. Bxg5 Bxg5 19. h4 h6 20. hxg5 hxg5 21. Rd3
Qe7 22. Red1 Rd8 23. Qe3 Rh6 24. Qb6 Kg7 25. Ne2 d5 26. Ng3 d4 27. Qxc6 Rc8 28.
Qxa6 Rxc2 29. R3d2 Rc3 30. Rd3 Rc7 31. Qa5 f6 32. Qd2 Qa3 33. b4 Qa4 34. Rc1
Rxc1+ 35. Qxc1 Kg6 36. a3 Rh8 37. Nf5 Qd7 38. Rf3 Bxf5 39. exf5+ Kg7 40. Qb1 Qc7
41. b5 e4 42. Rh3 Re8 43. Qd1 Rc8 44. Qxd4 Rd8 45. Qa1 Rd5 46. Re3 Qc2 47. Rc3
Rd1+ 48. Kh2 Qd2 49. Rc7+ Kg8 50. Qc3 Qf4+ 51. Qg3 Rb1 52. a4 Kf8 53. Rc4 Re1
54. b6 Ke7 55. a5 1-0

[Event "56th ch-CUB 2019"]
[Site "Santa Clara CUB"]
[Date "2019.02.05"]
[Round "3.3"]
[White "Martinez Duany, Lelys Stanley"]
[Black "Almeida Quintana, Omar"]
[Result "1/2-1/2"]
[WhiteTitle "GM"]
[BlackTitle "GM"]
[WhiteElo "2547"]
[BlackElo "2550"]
[WhiteFideId "3504727"]
[BlackFideId "3503313"]
[EventDate "2019.02.03"]
[EventType "tourn"]

1. e4 d6 2. d4 Nf6 3. Nc3 g6 4. Be3 c6 5. f3 Bg7 6. Qd2 b5 7. h4 h5 8. Nh3 Bxh3
9. Rxh3 Nbd7 10. Bd3 Qc7 11. Ne2 Rb8 12. c3 a5 13. Kf1 e5 14. Re1 O-O 15. Bh6
Rfe8 16. Ng3 Bh8 17. a3 b4 18. axb4 axb4 19. Be3 bxc3 20. bxc3 Qa5 21. Qc2 Bg7
22. Rh1 d5 23. Kf2 c5 24. Ra1 Qc7 25. dxc5 Nxc5 26. Rhb1 Rbc8 27. Bb5 Red8 28.
Kf1 dxe4 29. Bxc5 Qxc5 30. Nxe4 Nxe4 31. Qxe4 Qxc3 32. Ra7 Rb8 33. Be2 Rxb1+ 34.
Qxb1 Bh6 35. Qa1 Qb4 36. Qa2 Qf4 37. g3 Qf5 38. Kg2 Rd2 39. Qc4 Rc2 40. Qb5 Be3
41. Qe8+ Kg7 42. Rxf7+ Qxf7 43. Qxe5+ Qf6 44. Qxe3 Qd6 45. Kf2 Qc5 46. Qxc5 Rxc5
47. Bd3 Rc3 48. Be4 Kf6 49. Kg2 Ra3 50. Kh3 Ra6 51. g4 Ke5 52. Kg3 Rd6 53. Bc2
Rc6 54. Be4 Rb6 55. Bc2 1/2-1/2

[Event "56th ch-CUB 2019"]
[Site "Santa Clara CUB"]
[Date "2019.02.05"]
[Round "3.4"]
[White "Hernandez Gonzalez, William"]
[Black "Quesada Perez, Yasser"]
[Result "0-1"]
[WhiteTitle "IM"]
[BlackTitle "GM"]
[WhiteElo "2445"]
[BlackElo "2538"]
[WhiteFideId "3509915"]
[BlackFideId "3509362"]
[EventDate "2019.02.03"]
[EventType "tourn"]

1. e4 e5 2. Nf3 Nc6 3. d4 exd4 4. Nxd4 Nf6 5. Nxc6 bxc6 6. e5 Qe7 7. Qe2 Nd5 8.
c4 Nb6 9. Nc3 Qe6 10. Qe4 Bb4 11. Bd2 Ba6 12. b3 Bxc3 13. Bxc3 d5 14. cxd5 cxd5
15. Qb4 Bxf1 16. Rxf1 Nd7 17. O-O-O c5 18. Qb7 Nb6 19. f4 O-O 20. f5 Qh6+ 21.
Bd2 Qxh2 22. Bf4 Qxg2 23. Rg1 Qh3 24. Qc6 g6 25. Qf6 Qc3+ 26. Kb1 Nc4 27. Bc1
Rab8 28. Qa6 Rb6 0-1

[Event "56th ch-CUB 2019"]
[Site "Santa Clara CUB"]
[Date "2019.02.05"]
[Round "3.5"]
[White "Quesada Perez, Luis Ernesto"]
[Black "Espinosa Veloz, Ermes"]
[Result "1/2-1/2"]
[WhiteTitle "GM"]
[BlackTitle "GM"]
[WhiteElo "2513"]
[BlackElo "2516"]
[WhiteFideId "3520773"]
[BlackFideId "3507424"]
[EventDate "2019.02.03"]
[EventType "tourn"]

1. c4 e6 2. g3 Nf6 3. Bg2 d5 4. Nf3 Be7 5. O-O O-O 6. b3 b6 7. Bb2 Bb7 8. e3
Nbd7 9. Nc3 Ne4 10. Qc2 Nxc3 11. Bxc3 c6 12. Rac1 Rc8 13. Rfd1 Re8 14. Qb2 Bf8
15. d3 b5 16. cxb5 cxb5 17. Qd2 Qe7 18. Ne5 1/2-1/2

[Event "56th ch-CUB 2019"]
[Site "Santa Clara CUB"]
[Date "2019.02.05"]
[Round "3.6"]
[White "Martinez Ramirez, Lennis"]
[Black "Ortiz Suarez, Isan Reynaldo"]
[Result "1-0"]
[WhiteTitle "IM"]
[BlackTitle "GM"]
[WhiteElo "2452"]
[BlackElo "2519"]
[WhiteFideId "3509079"]
[BlackFideId "3507165"]
[EventDate "2019.02.03"]
[EventType "tourn"]

1. e4 c5 2. Nf3 d6 3. d4 cxd4 4. Nxd4 Nf6 5. Nc3 a6 6. Bg5 e6 7. f4 h6 8. Bh4
Qb6 9. a3 Nbd7 10. Be2 Be7 11. Bf2 Qc7 12. g4 g5 13. f5 Ne5 14. h3 Bd7 15. Nf3
Bc6 16. Qd4 Rc8 17. Bg3 Nxf3+ 18. Bxf3 e5 19. Qe3 b5 20. h4 Rg8 21. hxg5 hxg5
22. Bf2 a5 23. Rh6 Qb8 24. Qd3 b4 25. axb4 axb4 26. Nd1 d5 27. exd5 e4 28. Qd4
exf3 29. Rxf6 Qb5 30. c4 bxc3 31. Nxc3 Qxb2 32. Rb1 Bxf6 33. Qxf6 Qa3 34. d6 Kf8
35. Qe7+ Kg7 36. Qxg5+ 1-0

[Event "56th ch-CUB 2019"]
[Site "Santa Clara CUB"]
[Date "2019.02.06"]
[Round "4.1"]
[White "Albornoz Cabrera, Carlos Daniel"]
[Black "Ortiz Suarez, Isan Reynaldo"]
[Result "0-1"]
[WhiteTitle "IM"]
[BlackTitle "GM"]
[WhiteElo "2577"]
[BlackElo "2519"]
[WhiteFideId "3518736"]
[BlackFideId "3507165"]
[EventDate "2019.02.03"]
[EventType "tourn"]

1. e4 c5 2. Nf3 d6 3. d4 cxd4 4. Nxd4 Nf6 5. Nc3 a6 6. h4 e6 7. g4 b5 8. a3 Bb7
9. Bg2 d5 10. e5 Nfd7 11. f4 Nc6 12. Be3 b4 13. axb4 Bxb4 14. h5 Nb6 15. Nxc6
Bxc6 16. Bd4 Nc4 17. Qc1 O-O 18. b3 Rc8 19. Rh3 Na5 20. f5 Bd7 21. f6 gxf6 22.
exf6 Kh8 23. Qh6 Rg8 24. O-O-O Nc6 25. Bf1 Bf8 26. Qf4 e5 27. Bxe5 Rxg4 28. Qh2
d4 29. Rhd3 Qa5 30. Re1 dxc3 31. Bxc3 Bb4 0-1

[Event "56th ch-CUB 2019"]
[Site "Santa Clara CUB"]
[Date "2019.02.06"]
[Round "4.2"]
[White "Espinosa Veloz, Ermes"]
[Black "Martinez Ramirez, Lennis"]
[Result "1-0"]
[WhiteTitle "GM"]
[BlackTitle "IM"]
[WhiteElo "2516"]
[BlackElo "2452"]
[WhiteFideId "3507424"]
[BlackFideId "3509079"]
[EventDate "2019.02.03"]
[EventType "tourn"]

1. e4 c5 2. Nf3 d6 3. d4 cxd4 4. Nxd4 Nf6 5. Nc3 a6 6. Bg5 Nbd7 7. Bc4 Qc7 8.
Qe2 h6 9. Bh4 g6 10. O-O-O Bg7 11. f4 O-O 12. Rhf1 b5 13. Bb3 Bb7 14. Bxf6 Bxf6
15. f5 Nc5 16. fxg6 Nxb3+ 17. axb3 fxg6 18. Ne6 Qa5 19. Nxf8 Rxf8 20. Kb1 Qb4
21. Qd2 Kg7 22. Nd5 Qxd2 23. Rxd2 Be5 24. Rxf8 Kxf8 25. g3 h5 26. b4 e6 27. Nf4
Bxe4 28. Nxe6+ Ke7 29. Nc5 Bc6 30. Nd3 Bg7 31. Nf4 Be8 32. Re2+ Kd7 33. Nd5 Be5
34. Rxe5 dxe5 35. Nf6+ Ke7 36. Nxe8 Kxe8 37. Kc1 Kd7 38. Kd2 Ke6 39. Ke3 Kd5 40.
b3 g5 41. h3 e4 42. g4 hxg4 43. hxg4 Ke5 44. c4 Kd6 45. Kxe4 Kc6 46. Kf5 Kd6 47.
Kxg5 bxc4 48. bxc4 Ke5 49. Kh6 Kd4 50. c5 Kd5 51. g5 a5 52. bxa5 Kxc5 53. g6 Kb5
54. g7 Kxa5 55. g8=Q 1-0

[Event "56th ch-CUB 2019"]
[Site "Santa Clara CUB"]
[Date "2019.02.06"]
[Round "4.3"]
[White "Quesada Perez, Yasser"]
[Black "Quesada Perez, Luis Ernesto"]
[Result "1-0"]
[WhiteTitle "GM"]
[BlackTitle "GM"]
[WhiteElo "2538"]
[BlackElo "2513"]
[WhiteFideId "3509362"]
[BlackFideId "3520773"]
[EventDate "2019.02.03"]
[EventType "tourn"]

1. e4 c5 2. Nc3 a6 3. g3 b5 4. Bg2 Bb7 5. Nge2 d6 6. d4 cxd4 7. Nxd4 Nf6 8. O-O
g6 9. Nd5 Nbd7 10. a4 e5 11. Nb3 Nxd5 12. exd5 Bg7 13. Bd2 O-O 14. Na5 Qc7 15.
Bb4 e4 16. Nxb7 Qxb7 17. Bxd6 Rfe8 18. axb5 axb5 19. Rxa8 Qxa8 20. Re1 Nf6 21.
Ba3 Qb8 22. c3 Qe5 23. Qb3 Bf8 24. Bxf8 Rxf8 25. Qxb5 Rb8 26. Qe2 Qxd5 27. Qc2
Qa2 28. Rb1 e3 29. Bf3 exf2+ 30. Kxf2 h5 31. Kg1 Ng4 32. Bxg4 hxg4 33. h3 gxh3
34. Kh2 Rb5 35. Qe2 Rb8 36. Qd3 Rxb2+ 37. Rxb2 Qxb2+ 38. Kxh3 f5 39. c4 Qf2 40.
Kh4 Kg7 41. Kg5 Qa7 42. Qc3+ Kh7 43. Qe1 Qc7 44. Qh1+ Kg8 45. Qd5+ Kh7 46. c5
Qxg3+ 47. Kf6 Qh4+ 48. Kf7 Qh6 49. Qe5 f4 50. c6 f3 51. c7 f2 52. Qh8+ 1-0